000 00457nam a2200181 a 4500
001 1772014605160
003 YourLibrary
005 20260225154810.0
008 260225s2007##################000#0#eng##
020 _a9780791095232
082 0 4 _a323.092
_bHUL
100 1 _aHull, Mary,
_eauthor.
245 1 0 _aRosa Parks :
260 _bChelsea House,
_c2007.
650 0 _aAfrican Americans.
942 _cENGLISH
040 _aYourLibrary
_beng
_cYourLibrary
999 _c615854
_d615854